000 00925nam a2200253 i 4500
001 184087
003 ES-MaACL
005 20250828004914.0
008 150312s1972 sp d |||| ||spa d
080 _a37.01
245 0 0 _aIntroducción a la pedagogía /
_cFrancine Best ... [et al.] ; versión castellana de Prudenci Comes.
250 _a1ª ed. en lengua castellana.
260 _aBarcelona :
_bOikos-Tau,
_c1972.
300 _a231 p. ;
_c20 cm.
490 1 _aTratado de ciencias pedagógicas ;
_v1
504 _aReferencias bibliográficas.
598 _aTratado de ciencias pedagógicas / bajo la dirección de Maurice Debesse y Gaston Mialaret.
650 0 7 _aPedagogía
_2embne
_915904
700 1 _aBest, Francine.
_9156552
700 1 _aComes, Prudenci.
_939997
830 0 _aTratado de ciencias pedagógicas ;
_v1
_9192029
852 _aES-MaACL
_jE-15483
_z. - enc. cart.
999 _c184087
_d184087